000 00519cam a2200205ua 4500
001 8721
005 20260515114353.0
008 150213n ii |||gr||||Z||||||eng
040 _cMAIN
041 _aeng
082 _a809..092
100 _aGupta, S. P. S.,
_eAuthor.
245 1 _aTrends in Shakespearian criticism
_cBy S. P.Sen Gupta
250 _a5th.
260 _aBareilly:
_bPrakash,
_c2000.
300 _a214p.
653 _aHistory, description & criticism
653 _aShakespeare criticism
942 _cBK
999 _c7812
_d7812